| 000 | 00578nam a2200217 a 4500 | ||
|---|---|---|---|
| 005 | 20140310183519.0 | ||
| 008 | 110720s19uu xx 00 eng d | ||
| 020 | _a9789810697877 | ||
| 050 |
_aHB 172.5 _b.B639 2011 |
||
| 100 | _aBlanchard, Olivier | ||
| 245 |
_aMacroeconomics / _cBlanchard, Olivier. |
||
| 250 | _a5th ed. | ||
| 260 |
_aSingapore : _bPearson Education, Inc, _c2011. |
||
| 300 |
_a614 p. : _bill. ; _c25 cm. |
||
| 500 | _aIncludes index. | ||
| 521 | _aBSBA | ||
| 650 | _aMacroeconomics. | ||
| 942 |
_cBK _2lcc _kFOR |
||
| 999 |
_c24365 _d24365 |
||